000 00325nam a22001457a 4500
008 221107b ||||| |||| 00| 0 eng d
020 _a9780078022500
041 _aeng
080 _28TH EDITION
_a612.39
082 _a612.39 ANS
100 _a16.2
101 _aNUTRI
245 _aWELLNESS
_cANSPAUGH D
942 _2udc
_cBK
999 _c58756
_d58756